Statistics for All FBS Divison 1 Football Teams in Ohio

Click here to take the quiz!

General Stats

  • This quiz has been taken 54 times
  • The average score is 7 of 8

Answer Stats

NumberAnswer% Correct
1Ohio
100%
2Ohio State
97%
8Cincinnati
91%
3Toledo
91%
5Akron
85%
7Bowling Green
82%
4Kent State
74%
6Miami
71%

Score Distribution

Percentile by Number Answered

Percent of People with Each Score

Your Score History

You have not taken this quiz